Normal view
MARC view
- Turner and Townsend
Entry Corporate Name
001 - CONTROL NUMBER
- control field: 5813
003 - CONTROL NUMBER IDENTIFIER
- control field: SIRSI
005 - DATE AND TIME OF LATEST TRANSACTION
- control field: 20190806150246.0
008 - FIXED-LENGTH DATA ELEMENTS
- fixed length control field: 091112n| acannaabn |n ana d
040 ## - CATALOGING SOURCE
- Original cataloging agency: OSt
- Transcribing agency: OSt
110 2# - HEADING--CORPORATE NAME
- Corporate name or jurisdiction name as entry element: Turner and Townsend
670 ## - SOURCE DATA FOUND
- Source citation: The impact on costs and construction practice in Scotland of any further limitation of carbon dioxide emissions from new buildings, 2007